All County Seats of Mississippi on a Map - Statistics

General Stats
  • This quiz has been taken 244 times
  • The average score is 38 of 92
Answers on the Map
Answers color-coded by a green-red scale on the quiz's map according to % correct below.
 
Answer Stats
Seat % Correct
Jackson
98%
Biloxi
94%
Gulfport
90%
Vicksburg
90%
Tupelo
87%
Hattiesburg
82%
Oxford
82%
Greenville
79%
Starkville
79%
Natchez
74%
Pascagoula
74%
Meridian
73%
Columbus
65%
Yazoo City
65%
Bay St. Louis
63%
Tunica
61%
Clarksdale
60%
Corinth
60%
Grenada
58%
Hernando
56%
Laurel
55%
Brandon
53%
Greenwood
53%
Philadelphia
52%
West Point
52%
Pontotoc
50%
Cleveland
48%
Indianola
48%
Iuka
48%
Holly Springs
47%
Senatobia
45%
New Albany
44%
Batesville
42%
Rolling Fork
42%
Canton
40%
Columbia
39%
Water Valley
39%
Waynesboro
39%
Belzoni
37%
Brookhaven
37%
Kosciusko
37%
Aberdeen
35%
Booneville
35%
Fulton
35%
Houston
35%
Lucedale
35%
Winona
35%
Charleston
34%
Hazlehurst
34%
Lexington
34%
Louisville
34%
Poplarville
34%
Ripley
34%
Wiggins
34%
Carrollton
32%
Macon
32%
Quitman
32%
Ellisville
31%
Marks
31%
Carthage
29%
Mayersville
29%
Raymond
29%
Sardis
29%
Coffeeville
27%
Decatur
27%
Okolona
27%
Rosedale
27%
Ashland
26%
Forest
26%
Magnolia
26%
Fayette
24%
Mendenhall
24%
Port Gibson
24%
Tylertown
24%
De Kalb
23%
Prentiss
23%
Walthall
23%
Collins
21%
Raleigh
21%
Sumner
21%
Woodville
21%
Ackerman
19%
Leakesville
19%
Liberty
19%
Monticello
19%
New Augusta
19%
Vaiden
19%
Bay Springs
18%
Pittsboro
18%
Purvis
18%
Meadville
15%
Paulding
11%
No matching quizzes found
Score Distribution
Percent of People with Each Score
Percentile by Number Answered
Your Score History
You have not taken this quiz